000 01036nam a22002057a 4500
003 BUBTL
008 230813b ||||| |||| 00| 0 eng d
041 _aben
_heng
082 _a342.5492/ 2016
245 _aগণপ্রজাতন্ত্রী বাংলাদেশের সংবিধান /
_cগণপ্রজাতন্ত্রী বাংলাদেশ সরকার
246 _aThe Constitution of The People's Republic of Bangladesh
260 _aঢাকা :
_bআইন, বিচার ও সংসদ বিষয়ক মন্ত্রনালয়,
_cc2016
300 _avii, 225 p. :
_c24 cm.
505 _aগণপ্রজাতন্ত্রী বাংলাদেশের সংবিধান, গণপ্রজাতন্ত্রী বাংলাদেশ সরকার, The Constitution of The People's Republic of Bangladesh
526 _aLaw
650 0 _926
_aLaw
856 _k0
_l0
_yDownload
942 _2ddc
_cBK
999 _c7080
_d7080